Štúdium absorpcie fluorovodíka vo vodných roztokoch

Bibliographic Details
Main Authors: Matiašovský, Kamil, 1931-1991 (Author), Malinovský, Milan, 1926-1984 (Author), Paučírová, M. (Author)
Format: Article
Language:Slovak

MARC

LEADER 00000nab a2200000uu 4500
001 vtls010876040
003 SK-MaSNL
005 20260303163058.0
008 230303|1965 xo |||||||||||||||||slo|
015 |a SNBRB 
035 |a (urnnbn)urn:nbn:sk:snk:ar-0061n5 
035 |a (uuid)5e1dedd7-450e-479e-90bc-99e12da30082 
035 |a urn:nbn:sk:snk-ab7prp 
040 |a SNKBUCL  |b slo  |c SNKBUCL  |e AACR2 
041 0 |a slo 
044 |a xo  |c SK 
100 1 |a Matiašovský, Kamil,  |d 1931-1991  |4 aut  |9 189284 
245 1 0 |a Štúdium absorpcie fluorovodíka vo vodných roztokoch  |c K. Matiašovský, M. Malinovský, M. Paučírová 
700 1 |a Malinovský, Milan,  |d 1926-1984  |4 aut  |9 202776 
700 1 |a Paučírová, M.  |4 aut  |9 1186656 
773 0 |t Chemické zvesti  |g Roč. 19, č. 6 (1965), s. 456-461 
958 |a OND 
958 |a EUIPO 
958 |a article8 
999 |c 2058746  |d 2060676